| 000 | 00782nam a2200229Ia 4500 | ||
|---|---|---|---|
| 001 | 9218 | ||
| 003 | GE_BSU | ||
| 008 | 181216s||||||||xx |||||||||||||| ||und|| | ||
| 020 | _a9789941918193 | ||
| 040 | _cGE_BSU | ||
| 080 | _a347.096 | ||
| 100 | _aჩაჩანიძე,ეთერ | ||
| 245 | _aსამოქალაქო კაზუსების ამოხსნის მაგალითები | ||
| 245 | _bკრებული | ||
| 260 | _aთბილისი. | ||
| 260 | _bgiz bmz | ||
| 260 | _c2014 | ||
| 300 | _a40გვ;23სმ | ||
| 300 | _bბიბლოგრ:გვ.40 | ||
| 653 | _a- სამოქალაქო სამართალი; სამოქალაქო კაზუსის ამოხსნა | ||
| 942 | _cBK | ||
| 999 |
_c42521 _d42521 |
||